[Event "Tenerife-chT Segunda"]
[Site "Tenerife"]
[Date "2023.05.20"]
[Round "14"]
[White "Calvo Nobrega, Joaquin Manuel"]
[Black "Mendoza de Leon, Alvaro"]
[Result "1-0"]
[WhiteElo "1598"]
[BlackElo "1383"]
[PlyCount "53"]
[EventDate "2023.01.14"]
[EventType "team-tourn"]
[EventRounds "14"]
[EventCountry "ESP"]
[SourceTitle "EXT 2024"]
[Source "ChessBase"]
[SourceDate "2023.10.10"]
[SourceVersion "1"]
[SourceVersionDate "2023.10.10"]
[SourceQuality "1"]
[WhiteTeam "Circulo de Amistad XII Enero III"]
[BlackTeam "Puerto de la Cruz Piratas II"]
[WhiteTeamCountry "ESP"]
[BlackTeamCountry "ESP"]

1. e4 e5 2. Nf3 Nc6 3. d4 exd4 4. Bc4 Bc5 5. c3 Nge7 6. 0-0 Ng6 7. cxd4 Bb6 8. Nc3 d6 9. h3 Nce7 10. Bg5 f6 11. Be3 Nf8 12. Qb3 c6 13. Bf7+ Kd7 14. Bf4 Qc7 15. Rac1 a6 16. e5 Qd8 17. exd6 Nf5 18. Rfe1 Nxd6 19. Be8+ Kc7 20. Nd5+ Kb8 21. Nxb6 Ra7 22. Qb4 Ra8 23. Bxd6+ Ka7 24. Bxf8 Rxf8 25. Nxa8 Kxa8 26. Qxf8 Qc7 27. d5 1-0

[Event "Tenerife-chT Segunda-A 1819"]
[Site "Tenerife"]
[Date "2019.04.06"]
[Round "13.3"]
[White "Oudeh Mishmish, Ayed"]
[Black "Mendoza de Leon, Alvaro"]
[Result "0-1"]
[WhiteElo "1248"]
[BlackElo "1225"]
[PlyCount "34"]
[EventDate "2018.11.24"]
[EventType "team-tourn"]
[EventRounds "14"]
[EventCountry "ESP"]
[SourceTitle "EXT 2021"]
[Source "ChessBase"]
[SourceDate "2020.10.23"]
[SourceVersion "1"]
[SourceVersionDate "2020.10.23"]
[SourceQuality "1"]
[WhiteTeam "Al Shah Mat Los Realejos"]
[BlackTeam "Puerto de la Cruz Piratas"]
[WhiteTeamCountry "ESP"]
[BlackTeamCountry "ESP"]

1. d4 e5 2. dxe5 d6 3. exd6 Bxd6 4. e3 a6 5. b3 Bf5 6. Bb2 Nf6 7. Qf3 Be4 8. Qe2 Nc6 9. Nc3 Qe7 10. 0-0-0 0-0-0 11. f3 Bg6 12. Qf2 Ba3 13. Nge2 Rd7 14. g3 Rxd1+ 15. Nxd1 Qc5 16. e4 Qa5 17. Bh3+ Kb8 0-1

[Event "Tenerife-chT Segunda-A 1819"]
[Site "Tenerife"]
[Date "2019.03.30"]
[Round "12.2"]
[White "Lugo Lugo, Vladimiro"]
[Black "Mendoza de Leon, Alvaro"]
[Result "1-0"]
[WhiteElo "1312"]
[BlackElo "1225"]
[PlyCount "43"]
[EventDate "2018.11.24"]
[EventType "team-tourn"]
[EventRounds "14"]
[EventCountry "ESP"]
[SourceTitle "CBM 189 Extra"]
[Source "ChessBase"]
[SourceDate "2019.06.03"]
[SourceVersion "1"]
[SourceVersionDate "2019.06.03"]
[SourceQuality "1"]
[WhiteTeam "Playa San Juan"]
[BlackTeam "Puerto de la Cruz Piratas"]
[WhiteTeamCountry "ESP"]
[BlackTeamCountry "ESP"]

1. e4 e5 2. Nf3 Nc6 3. Bb5 a6 4. Be2 Nf6 5. d3 h6 6. c4 Bc5 7. h3 d6 8. Nc3 Be6 9. a3 a5 10. Bd2 0-0 11. 0-0 Qd7 12. Nd5 Bxd5 13. cxd5 Nd4 14. Nh4 Nxe2+ 15. Qxe2 Kh7 16. Nf5 Rfe8 17. g4 c6 18. g5 hxg5 19. dxc6 bxc6 20. Bxg5 Rg8 21. Kh2 g6 22. Bxf6 1-0

[Event "Santa Cruz de Tenerife Autumn op"]
[Site "Santa Cruz de Tenerife"]
[Date "2018.10.19"]
[Round "3"]
[White "Abreu Suarez, Isauro"]
[Black "Mendoza de Leon, Alvaro"]
[Result "1-0"]
[WhiteElo "2001"]
[BlackElo "1225"]
[PlyCount "35"]
[EventDate "2018.10.15"]
[EventType "swiss"]
[EventRounds "9"]
[EventCountry "ESP"]
[SourceTitle "CBM 187 Extra"]
[Source "ChessBase"]
[SourceDate "2018.11.04"]
[SourceVersion "1"]
[SourceVersionDate "2018.11.04"]
[SourceQuality "1"]

1. e4 e5 2. Nf3 Nc6 3. Bc4 Bc5 4. c3 Nf6 5. d4 Bb6 6. dxe5 Nxe4 7. Qd5 0-0 8. Qxe4 d6 9. 0-0 Re8 10. Ng5 Nxe5 11. Qxh7+ Kf8 12. Qh8+ Ke7 13. Qxg7 Kd7 14. Nxf7 Nxf7 15. Bxf7 Re7 16. Qg4+ Kc6 17. Qa4+ Kc5 18. Qc4# 1-0

[Event "Santa Cruz de Tenerife Verano op"]
[Site "Santa Cruz de Tenerife"]
[Date "2018.08.27"]
[Round "4"]
[White "Mendoza de Leon, Alvaro"]
[Black "Hernandez Leon, Sergio"]
[Result "0-1"]
[WhiteElo "1256"]
[BlackElo "2130"]
[PlyCount "60"]
[EventDate "2018.08.20"]
[EventType "swiss"]
[EventRounds "9"]
[EventCountry "ESP"]
[SourceTitle "CBM 186 Extra"]
[Source "ChessBase"]
[SourceDate "2018.08.24"]
[SourceVersion "1"]
[SourceVersionDate "2018.08.24"]
[SourceQuality "1"]

1. e4 c5 2. Nc3 e6 3. f4 d5 4. Nf3 d4 5. Bb5+ Nd7 6. Bxd7+ Bxd7 7. Ne2 Nf6 8. e5 Nd5 9. d3 Be7 10. 0-0 0-0 11. Bd2 Bc6 12. c3 dxc3 13. Nxc3 Nb4 14. a3 Nxd3 15. Qc2 c4 16. Rad1 Qb6+ 17. Kh1 Nf2+ 18. Rxf2 Qxf2 19. Qc1 Bxf3 20. gxf3 Qxf3+ 21. Kg1 Bc5+ 22. Be3 Bxe3+ 23. Qxe3 Qxe3+ 24. Kf1 Rad8 25. Re1 Qf3+ 26. Kg1 Rd2 27. Re2 Rxe2 28. Nxe2 Qxe2 29. h3 Rd8 30. Kh1 Rd1# 0-1